00529 2200217 4500001002100000005001500021035002000036007000300056008004100059020001500100020001800115082000800133084001400141100001700155245003500172250002000207260003100227300003200258650001000290700001100300INLIS00000000113702320220118103032 a0010-0122002124ta220118 0 ind  a9796377896 a9789792723687 a000 a000 AOY d0 aAoyama gosho1 aDetektif canon /cAoyama gosho aCetakan pertama aJakarta :bGramedia,c2008 blllustrasi ;c18 cmeKertas 4aKomik0 aNining